A primer on news organization and techniques (Record no. 39173)
[ view plain ]
| 000 -LEADER | |
|---|---|
| fixed length control field | 00594nam a22002057a 4500 |
| 003 - CONTROL NUMBER IDENTIFIER | |
| control field | CEu |
| 005 - DATE AND TIME OF LATEST TRANSACTION | |
| control field | 20140311163000.0 |
| 008 - FIXED-LENGTH DATA ELEMENTS--GENERAL INFORMATION | |
| fixed length control field | 130212t xxu||||| |||| 00| 0 eng d |
| 020 ## - INTERNATIONAL STANDARD BOOK NUMBER | |
| International Standard Book Number | 9718170022 |
| 050 ## - LIBRARY OF CONGRESS CALL NUMBER | |
| Classification number | F 070.43 |
| Item number | So7p 1999 |
| 082 ## - DEWEY DECIMAL CLASSIFICATION NUMBER | |
| Classification number | F 070.43 |
| Item number | So7p 1999 |
| 245 ## - TITLE STATEMENT | |
| Title | A primer on news organization and techniques |
| Remainder of title | (with exercises) |
| Statement of responsibility, etc | Robert F. Soriano, Ronald M. Henson |
| 260 ## - PUBLICATION, DISTRIBUTION, ETC. (IMPRINT) | |
| Place of publication, distribution, etc | [S.l.] |
| Name of publisher, distributor, etc | Booklore Pub. |
| Date of publication, distribution, etc | c1999 |
| 300 ## - PHYSICAL DESCRIPTION | |
| Extent | 103 p. |
| Dimensions | 22.1 cm. |
| 521 ## - TARGET AUDIENCE NOTE | |
| Target audience note | |
| 526 ## - STUDY PROGRAM INFORMATION NOTE | |
| Reading level | 1210L-1700L |
| 541 ## - IMMEDIATE SOURCE OF ACQUISITION NOTE | |
| -- | 1,2 |
| 562 ## - COPY AND VERSION IDENTIFICATION NOTE | |
| Number of copies | 2 |
| 942 ## - ADDED ENTRY ELEMENTS (KOHA) | |
| Source of classification or shelving scheme | Library of Congress Classification |
| Koha item type | Books |
| Call number prefix | |
| Withdrawn status | Lost status | Source of classification or shelving scheme | Damaged status | Home library | Current library | Shelving location | Date acquired | Source of acquisition | Cost, normal purchase price | Total Checkouts | Full call number | Barcode | Date last seen | Copy number | Price effective from | Koha item type |
|---|---|---|---|---|---|---|---|---|---|---|---|---|---|---|---|---|
| Library of Congress Classification | College Library | College Library | General Circulation Section | 11/29/2006 | 130.00 | PN 4700 .So714 1999 | C7912 | 04/22/2017 | 1 | 10/10/2013 | Books | |||||
| Library of Congress Classification | College Library | College Library | General Circulation Section | 11/12/2013 | 130.00 | PN 4700 .So714 1999 | C7909 | 04/22/2017 | 2 | 11/12/2013 | Books |